000 00264pam a2200121 a 4500
020 _c
041 _aeng
100 _aBudhananda.
245 _aThe Mind And Its Control
_hTextual Documents
260 _a[s.l]:
_bAdvait A Sharma
300 _a112p.
930 _a15555
999 _c92455
_d92455